Countries by Lowest Elevation A-Z - Statistics

General Stats
  • This quiz has been taken 99 times
  • The average score is 14 of 24
Answer Stats
Letter Elevation Answer % Correct
Q 0 Qatar
82%
O 0 Oman
78%
Y 0 Yemen
78%
Z 162 Zimbabwe
73%
I -428 Israel
71%
N -7 Netherlands
71%
U -85.5 United States
70%
J -428 Jordan
68%
B -4 Belgium
65%
H 0 Haiti/Honduras
65%
V -12 Venezuela
64%
F -10 France
63%
R -28 Russia
63%
C -154 China
55%
D -155 Djibouti
55%
E -133 Egypt
50%
K -132 Kazakhstan
50%
G -4 Germany
47%
A -105 Argentina
46%
P -34 Peru
41%
L -47 Libya
39%
T -81 Turkmenistan
36%
S -214 Syria
34%
M -55 Morocco
29%
No matching quizzes found
Score Distribution
Percent of People with Each Score
Percentile by Number Answered
Your Score History
You have not taken this quiz